Estatísticas para Participantes do Big Brother Brasil 18

Clique aqui para jogar o quiz

Estatísticas Gerais

  • Esse quiz foi jogado 48 vezes
    (47 desde o último reset)
  • A pontuação média é 14 de 18

Estatísticas das Respostas

ColocaçãoParticipante% Correto
Ana Clara Lima
100%
Kaysar Dadour
100%
Gleici Damasceno
97%
Paula Barbosa
97%
Breno Simões
92%
11ºPatrícia Lima
87%
Ayrton Lima
85%
10ºDiego Souza
85%
15ºAna Paula Agustinho
82%
Jéssica Müller
77%
16ºJaqueline Brito
74%
Marcos Caruso
72%
13ºLucas Fernandes
69%
12ºMahmoud Baydoun
69%
Marcos Viegas
64%
Wagner Ribeiro
64%
17ºMara Telles
56%
14ºNayara Helena
56%

Distribuição das Pontuações

Percentil de Números Respondidos

Porcentagem de Pessoas com Cada Pontuação

Sua Pontuação Histórica

Você não jogou esse quiz desde o último reset